000 01266nam0a22002891 4500
001 rc\655022
005 20031121165147.0
035 _a(NLR Aleph) 005970222
090 _a6927964
_c6927964
100 _a20031121d1986 u |0rusy50 ca
101 0 _arus
102 _aRU
105 _aa |||||||||
200 1 _aТранспортирующие устройства прокатных станов
210 _aМ.
_cЦНИИТЭИтяжмаш
_d1986
215 _a29 с.
_cил.
_d21
225 1 _aКонструирование и эксплуатация оборудования
_hСерия 4
_iМеталлургическое оборудование
_eОбзор. информ.
_fЦНИИ информ. и техн.-экон. исслед. по тяжелому и трансп. машиностроению
_vВып. 4
300 _aНа обл. авт. не указаны
300 _aВ надзаг. также: М-во тяжелого и трансп. машиностроения
320 _aБиблиогр.: с. 28
700 1 _aХорьков
_bВ. Б.
_gВалерий Борисович
701 1 _aБобров
_bЛ. М.
801 0 _aRU
_bNLR
_gpsbo
801 1 _aRU
_bELAR
_2rusmarc
852 _aNLR
_jП10/6221
942 _cBOOK
980 _aNB